000
00304nam a22001337a 4500
020
_q
PB.
040
_c
FIZZA ISHAQ
082
_a
624.2
_b
NRA
100
_a
RAJAGOPLAN,N.
_9
91616
245
_a
PRESTRESSED CONCRETE /
_c
N.RAJAGOPLAN.
260
_a
NAROSA ;
_c
2014.
300
_a
486 P. ;
942
_2
ddc
_c
BK
999
_c
589748
_d
589748